| 000 | 01340nam a2200121Ia 4500 | ||
|---|---|---|---|
| 008 | 220615s9999||||xx |||||||||||||| ||und|| | ||
| 100 | _aKawakami, Kohsaku | ||
| 245 | 0 | _aRecent Progress in Solid Dispersion Technology | |
| 546 | _aEnglish[eng] | ||
| 650 | _athermodynamic modeling||molecular dynamics simulation||poorly soluble drugs||amorphous solid dispersions||dissolution enhancement||crystallization tendency||continuous processing||stability||milling||granulation||thermal analysis||amorphous||ball milling||pharmaceutical glass||dissolution||rebamipide||poloxamer||classification||polyelectrolytes||amorphisation||self-assembly||dissolution rate||miscibility||bioavailability||solubility||evaporation||mesoporous||polyelectrolyte excipient matrix||polymer||bicaludamide||phase diagram||Weibull dissolution model||spectroscopic techniques||anticancer drugs||manufacturing methods||nucleation||molecular complex||nanoaggregates||enrofloxacin||accelerated stability test||solubility enhancement||amorphous solid dispersion||tadalafil||process development||amorphous polymeric salt||Wood’s apparatus||hot melt extrusion||solid dispersions||intrinsic dissolution rate||solid dispersion||interaction||crystallization||spray drying||characterization||ciprofloxacin | ||
| 856 | _uhttps://mdpi.com/books/pdfview/book/1607 | ||
| 942 | _cEB | ||
| 999 |
_c17555 _d17555 |
||